000 00742nam a2200217 i 4500
001 93626
003 ES-MaACL
005 20230906181258.0
007 t|
008 050415s1941 sp d |||| | spa d
080 _a(038)=134.2'373.42
100 1 _aLópez Bejarano, Amós.
_973449
245 1 0 _aDiccionario de sinónimos e ideas afines /
_cAmós López Bejarano y Casto Peña; prólogo de José María Salaverria.
260 _aBarcelona :
_bBauga,
_c1941.
300 _aIX, 403 p. ;
_c21 cm.
650 0 4 _aLengua española-
_xSinónimos y antónimos-
_vDiccionarios.
_914187
700 1 _aPeña, Casto.
_990210
700 1 _aSalaverría, José María,
_d1873-1940
_9101790
852 _aES-MaACL
_jF-15295
999 _c93626
_d93626